| 000 | 00357nam a22001577a 4500 | ||
|---|---|---|---|
| 003 | MACL | ||
| 005 | 20151122155143.0 | ||
| 008 | 151122b xxu||||| |||| 00| 0 eng d | ||
| 040 | _cMACL | ||
| 041 | _aEnglish | ||
| 082 | _a741-642 | ||
| 100 |
_aDr.Oswal,Y.P. _917992 |
||
| 245 | _aDoctor Rajendra Prasad | ||
| 650 |
_aChildren _917993 |
||
| 942 |
_2ddc _cBK |
||
| 999 |
_c50964 _d50964 |
||